000 00416nam a2200169Ia 4500
008 230711s9999||||xx |||||||||||||| ||und||
020 _a978-1-138-58306-1
041 _aENG
082 _a729.29
_bVI-B
100 _aVigran, Tor Erik
245 0 _aBuilding Acoustics
250 _a1st Ed.
260 _c2008
_aNew York
_bCRC Press Taylor & Francis Group
300 _a362p.
650 _aArchitecture
942 _cBK
999 _c6867
_d6867